| 000 | 00483 a2200157 4500 | ||
|---|---|---|---|
| 020 | _a9780071508582 | ||
| 082 | _a621.381044 | ||
| 090 |
_c7132 _d7132 |
||
| 100 | _aBasso, Christophe P. | ||
| 245 |
_aSwitch-mode power supplies SPICE simulations and practical designs _cChristophe P. Basso |
||
| 260 |
_aNew York _bMcGraw Hill _c2008 |
||
| 300 | _a889 p. | ||
| 650 | _aSwitching power supplies--Design and construction | ||
| 700 | _a Christophe P. Basso | ||
| 942 |
_cBK _k621.381044 BAS |
||
| 999 |
_c10936 _d10936 |
||